| 000 | 00430 a2200169 4500 | ||
|---|---|---|---|
| 003 | Nust | ||
| 005 | 20230712150856.0 | ||
| 020 | _a9693511050 | ||
| 040 | _cNust | ||
| 082 | _a891.4397,BUT | ||
| 100 |
_aButt, Muhammad Younas _9954 |
||
| 245 |
_aShaitanian شیطانیاں / _cDr Muhammad Younis Butt |
||
| 260 |
_aLahore _bSang-e-Meel _c2007 |
||
| 300 | _a141:p | ||
| 650 |
_aUrdu Novel _92511 |
||
| 942 |
_2ddc _cBK _k891.4397,BUT |
||
| 999 |
_c188038 _d188038 |
||